Movies Quiz

Random Movies or War Quiz

War Movies A-Z Quiz Stats

 Plays Quiz not verified by Sporcle

Score 0/24 Timer 07:00
0 Plays Today
a-z movies % Correct
BBlack Hawk Down
74.4%
SSaving Private Ryan
63.5%
AApocalypse Now
62.9%
PThe Patriot
62.1%
WWar of the Worlds
56.5%
JJarhead
52.9%
TThree-hundred
50%
HThe Hurt Locker
47.1%
EEnemy at the Gates
41.8%
FFull Metal Jacket
40%
KThe Killing Fields
35.3%
GGreen Zone
19.1%
a-z movies % Correct
LLawrence of Arabia
11.5%
CCasablanca
11.2%
IInglourious Basterds
8.8%
VValkyrie
7.6%
RRambo
6.8%
NNorth and South
6.2%
DDefiance
4.4%
UUncommon Valor
3.8%
ZZeppelin
2.1%
MThe Men who Stare at Goats
1.8%
OOpen City
1.2%
YYanks
1.2%

You're not logged in!

Compare scores with friends on all Sporcle quizzes.
OR
Log In

Show Comments

Extras

Created Oct 15, 2010ReportNominate
Tags:War Quiz, War Movie, World War II, WW1

Top Quizzes Today


Score Distribution

Your Account Isn't Verified!

In order to create a playlist on Sporcle, you need to verify the email address you used during registration. Go to your Sporcle Settings to finish the process.

Report this User

Report this user for behavior that violates our Community Guidelines.

Details: